| 000 | 00525nam a22001577a 4500 | ||
|---|---|---|---|
| 999 |
_c532909 _d532909 |
||
| 020 | _qHard Cover. | ||
| 082 | _a658.4 | ||
| 100 | _aUsmani, Ali Jawad | ||
| 245 |
_aStrategic Analysis of Pit Falls in the Last Five Years and Future Recommendation at KSB Pumps Co, LTD / _cAli Jawad Usmani. |
||
| 260 |
_aIslamabad: _bNBS-NUST, _c2016. |
||
| 300 |
_a57 p. : _bill. ; _c30cm. |
||
| 942 |
_2ddc _cTHE |
||
| 650 |
_aEMBA-Thesis. _917645 |
||
| 700 |
_aMommin Durrani. _918693 |
||